Welcher Ort liegt näher an... ? #1 - Statistiken

Allgemein
  • Dieses Quiz wurde 89 mal gespielt
  • Das Durchschnittsergebnis liegt bei 7 aus 10
Antwortstatistiken
Frage Antwort % Korrekt
Welcher Ort liegt näher an Rom? Athen
90%
Welcher Ort liegt näher an den Färöer-Inseln? London
90%
Welcher Ort liegt näher an Karlsruhe? Paris
90%
Welcher Ort liegt näher an Frankfurt? Madrid
86%
Welcher Ort liegt näher an Ljubljana? Wien
86%
Welcher Ort liegt näher an Kairo? Astana
76%
Welcher Ort liegt näher an Potsdam? Rostock
67%
Welcher Ort liegt näher an Bremen? Schwerin
67%
Welcher Ort liegt näher an Göteborg? Zagreb
52%
Welcher Ort liegt näher an Los Angeles? Havanna
43%
Keine übereinstimmenden Quizze gefunden
Verteilung der Resultate
Anzahl Personen mit jedem Resultat
Perzentil nach korrekt beantworteten Fragen
Ihre Resultats-Entwicklung
Sie haben dieses Quiz noch nicht gespielt